000 00799 a2200217 4500
010 _aENG-89527
020 _c695.00
_a8178242125
035 _aEN-73060
037 _bDBAD / PUB
082 1 4 _a320.540954
090 _c11100
_d11100
100 1 _aTejani, Shabnum
245 1 _aIndian secularism:
_cby Shabnum Tejani
_ba social and intellectual history 1890-1950/
260 _aRanikhet
_bPermanent Black
_c2007
260 _aNew Delhi
_bOrient Longman (Distributor)
270 _aHimalayana, Mall Road, Ranikhet Cantt
_bRanikhet
_e263645
_cRanikhet
300 _axvi, 302p.
_c22 cm. (Hb)
500 _aIncludes bibliographical references & index
942 _adpl
_cEN
_k320.540954/ TEJ
999 _c10795
_d10795